000
00393nam a2200145Ia 4500
008
100204s9999 xx 000 0 und d
082
_b
9457
100
_a
परांडे उषा
245
_a
बागी
260
_b
"मधुर पब्लिकेशन , पुणे 2"
_c
1987
300
_a
132
630
_a
बागी
730
_a
बागी
942
_c
BOOK
999
_c
453893
_d
453890